| 000 | 00484nam a2200217Ia 4500 | ||
|---|---|---|---|
| 008 | 210210b1936 xxu||||| |||| 00| 0 eng d | ||
| 041 | _aeng | ||
| 082 | _a826/10 | ||
| 100 | _aBAKER (E A) | ||
| 245 | _aSeventh the age of Dickens and Thackeray | ||
| 260 |
_aLondon _b- _c1936 |
||
| 650 | _athe | ||
| 650 | _aThackeray | ||
| 650 | _aSeventh | ||
| 650 | _aof | ||
| 650 | _aDickens | ||
| 650 | _aand | ||
| 650 | _aage | ||
| 690 | _aHistory of Literature | ||
| 906 | _a015559 | ||
| 999 |
_c134941 _d134941 |
||